Ética y valores en el trabajo social./ (Registro nro. 9357)
[ vista simple ]
| 000 -LEADER | |
|---|---|
| fixed length control field | 00995nam a2200217Ia 4500 |
| 005 - FECHA Y HORA DE LA ÚLTIMA TRANSACCIÓN | |
| control field | 20250618104136.0 |
| 008 - FIXED-LENGTH DATA ELEMENTS--GENERAL INFORMATION | |
| fixed length control field | 230912s9999 xx 000 0 und d |
| 020 ## - INTERNATIONAL STANDARD BOOK NUMBER | |
| International Standard Book Number | 8449303958 |
| 040 ## - CATALOGING SOURCE | |
| Original cataloging agency | UPAN |
| Transcribing agency | Biblioteca San Vicente |
| Description conventions | RCAA2 |
| 041 ## - LANGUAGE CODE | |
| Language code of text/sound track or separate title | spa |
| 082 ## - DEWEY DECIMAL CLASSIFICATION NUMBER | |
| Classification number | 174.9 |
| Item number | B365e |
| año de publicación | 1995 |
| 100 ## - MAIN ENTRY--PERSONAL NAME | |
| Personal name | Banks, Sarah |
| Relator code | aut. |
| 245 #0 - TITLE STATEMENT | |
| Title | Ética y valores en el trabajo social./ |
| Statement of responsibility, etc | Sarah Banks |
| 250 ## - EDITION STATEMENT | |
| Edition statement | 1° ed. |
| 260 ## - PUBLICATION, DISTRIBUTION, ETC. (IMPRINT) | |
| Place of publication, distribution, etc | España: |
| Name of publisher, distributor, etc | Paídos, |
| Date of publication, distribution, etc | 1997 |
| 300 ## - PHYSICAL DESCRIPTION | |
| Extent | 208 p.; |
| Dimensions | 22 cm. |
| 505 ## - FORMATTED CONTENTS NOTE | |
| Formatted contents note | 1. Cuestiones éticas en el trabajo social. <br/>2. Valores del trabajo social. <br/>3. Valores y conocimiento. <br/>4. Códigos profesionales de ética. <br/>5. Los derechos de los usuarios: los códigos de prácticas y el nuevo consumismo. <br/>6. Los deberes de los trabajadores sociales: políticas, procedimientos y nuevas formas de gestión. <br/>7. Problemas y dilemas éticos de la práctica. |
| 650 ## - SUBJECT ADDED ENTRY--TOPICAL TERM | |
| Source of heading or term | LEMB |
| Topical term or geographic name as entry element | Valores |
| General subdivision | Trabajo social |
| 700 ## - ADDED ENTRY--PERSONAL NAME | |
| Personal name | Díeste, Josep Lluis Mateo |
| Relator code | aut. |
| 942 ## - ADDED ENTRY ELEMENTS (KOHA) | |
| Koha item type | Libros |
| Source of classification or shelving scheme | Dewey Decimal Classification |
| Withdrawn status | Lost status | Source of classification or shelving scheme | Damaged status | Not for loan | Collection code | Home library | Current library | Date acquired | Total Checkouts | Full call number | Barcode | Date last seen | Copy number | Price effective from | Koha item type |
|---|---|---|---|---|---|---|---|---|---|---|---|---|---|---|---|
| Dewey Decimal Classification | Colección General | Biblioteca UPAN San Vicente | Biblioteca UPAN San Vicente | 12/09/2023 | 174.9 B365e | 12000180 | 12/09/2023 | 01 | 12/09/2023 | Libros |